Garage Rock Revival Bands - Statistics

General Stats
  • This quiz has been taken 165 times
    48 since last reset
  • The average score is 13 of 24
Answer Stats
Song or Album Hint Answer % Correct
Mr. Brightside Hugely successful Las Vegas band fronted by Brandon Flowers. Their name is derived from a fictitious band in a New Order music video. The Killers
93%
Seven Nation Army Hugely successful, minimalistic duo consisting of Jack and Meg White. They have a red, white & black colour scheme. The White Stripes
93%
Take Me Out Scottish band named after the Archduke whose assassination sparked WW1. Franz Ferdinand
91%
I Bet You Look Good On The Dancefloor Huge UK band from Sheffield. Their debut album was 2006's "Whatever People Say I Am, That's What I'm Not". Arctic Monkeys
89%
Sex on Fire Nashville band consisting of 3 brothers & their cousin. Sometimes called "the Southern Strokes" because of their Dixie inspired early sound. Kings of Leon
84%
Is This It Influential NYC garage rock band of Julian Casablancas. "Last Nite" is one of their signature songs. The Strokes
84%
Are You Gonna Be My Girl Hard rocking Australian band whose other hits include "Cold Hard Bitch" and the Beatlesque "Look What You've Done." Jet
70%
Heads Will Roll NYC band fronted by Karen O; debut album Fever to Tell includes hits like "Maps." Yeah Yeah Yeahs
68%
Ruby Leeds band named after a South African football club. Other hits include "I Predict a Riot" & "Everyday I Love You Less and Less." Kaiser Chiefs
61%
Little Black Submarines Duo consisting of Dan Auerbach & Patrick Carney. They found huge success in the early 2010s with albums "Brothers" & "El Camino". The Black Keys
61%
Hate To Say I Told You So Swedish band named after a skin disease; they perform wearing matching black & white tuxedos. The Hives
57%
Can't Stand Me Now London band of Pete Doherty & Carl Barât whose music was often eclipsed by the groups internal conflicts & addictions in the press. The Libertines
52%
Steady As She Goes Detroit supergroup consisting of Jack White and members of the Dead Weather and the Green Hornes. The Raconteurs
50%
Bohemian Like You Alternative rock band known for the 2000 album Thirteen Tales from Urban Bohemia, which contained this huge hit. The Dandy Warhols
43%
Get Free Australian band hailed by the press as "the second coming of Nirvana" after the release of their raw debut "Highly Evolved." The Vines
39%
Silent Alarm Punningly named London postpunk band fronted by Kele Okereke; hits include "Banquet" and Helicopter." Bloc Party
36%
Obstacle 1 Critically acclaimed NYC post punk band . Their debut album was 2002's "Turn On The Bright Lights." Interpol
34%
She Moves In Her Own Way UK band from Brighton who took their name from a David Bowie song. Other hits include "Naïve". The Kooks
32%
The Rat Moody NYC band named after a brand of portable audio cassette player. The Walkmen
25%
Their Satanic Majesties' Second Request Experimental San Francisco collective punningly named after cult leader Jim Jones and his followers' mass suicide. The Brian Jonestown Massacre
23%
F**k Forever English band formed by Pete Doherty after he was kicked out of The Libertines for his drug use & erratic behavior. Babyshambles
20%
Beat The Devil's Tattoo San Francisco band named after Marlon Brando's outlaw biker gang from the 1950s film "The Wild One". Black Rebel Motorcycle Club
20%
Treat Me Like Your Mother Jack White supergroup featuring Alison Mosshart of the Kills on lead vocals. The Dead Weather
20%
Harmonic Generator New Zealand band named after a Japanese car brand. Their most well known album is "Outta Sight/Outta Mind". The Datsuns
18%
No matching quizzes found
Score Distribution
Percent of People with Each Score
Percentile by Number Answered
Your Score History
You have not taken this quiz since the last reset